Countries with Capitals Starting with C. - Statistics

General Stats
  • This quiz has been taken 23 times
    4 since last reset
  • The average score is 6 of 9
Answer Stats
Answer % Correct
Denmark
100%
Australia
75%
Benin
75%
Egypt
75%
Saint Lucia
75%
Venezuela
75%
Moldova
50%
South Africa
50%
Guinea
25%
No matching quizzes found
Score Distribution
Percent of People with Each Score
Percentile by Number Answered
Your Score History
You have not taken this quiz since the last reset